[Event "Prague op"]
[Site "Prague"]
[Date "2025.02.28"]
[Round "2"]
[White "Gibaud, Elian"]
[Black "Haring, Filip"]
[Result "0-1"]
[WhiteElo "2146"]
[BlackElo "2470"]
[PlyCount "118"]
[EventDate "2025.02.27"]
[EventType "swiss"]
[EventRounds "9"]
[EventCountry "CZE"]
[SourceTitle "CB11_2025"]
[SourceDate "2025.03.12"]
[SourceVersion "1"]
[SourceVersionDate "2025.03.12"]
[SourceQuality "1"]

1. e4 c5 2. Nf3 e6 3. d4 cxd4 4. Nxd4 a6 5. c4 Nf6 6. Nc3 Qc7 7. a3 d6 8. Be2 b6 9. f4 Bb7 10. Qd3 Nbd7 11. b4 Rc8 12. Bb2 e5 13. Nf5 g6 14. Ne3 Bh6 15. g3 0-0 16. 0-0 exf4 17. gxf4 Bg7 18. Rad1 Rfe8 19. Bf3 b5 20. Qxd6 Qxd6 21. Rxd6 Bxe4 22. c5 Nb8 23. Ncd1 Bxf3 24. Rxf3 Ne4 25. Rd3 Nc6 26. Bxg7 Kxg7 27. Nd5 a5 28. N1c3 axb4 29. axb4 Nxc3 30. Rxc3 Rcd8 31. Nc7 Re2 32. Rf2 Rxf2 33. Kxf2 Rd4 34. Ke3 Rxb4 35. Rd3 Rc4 36. Rd7 b4 37. Ne8+ Kf8 38. Nd6 Rc3+ 39. Ke4 Rxc5 40. Rxf7+ Kg8 41. Rb7 Rh5 42. Ne8 Rf5 43. Nd6 Ra5 44. h4 h5 45. Rc7 Ra6 46. Nc4 b3 47. Rb7 Ra4 48. Kd5 Rxc4 49. Rxb3 Rxf4 50. Kxc6 Rxh4 51. Rb7 Rf4 52. Kd6 Rf7 53. Rb1 Kg7 54. Ke6 Rf5 55. Rh1 Kh6 56. Rh2 Rf4 57. Ke5 Kg5 58. Rh1 h4 59. Rh2 Rg4 0-1

[Event "FRA-ch U16"]
[Site "Agen"]
[Date "2024.04.20"]
[Round "8"]
[White "Kuhn, Clement"]
[Black "Gibaud, Elian"]
[Result "1-0"]
[WhiteElo "2349"]
[BlackElo "1985"]
[PlyCount "69"]
[EventDate "2024.04.14"]
[EventType "swiss"]
[EventRounds "9"]
[EventCountry "FRA"]
[SourceTitle "EXT 2025"]
[Source "ChessBase"]
[SourceDate "2024.10.14"]
[SourceVersion "1"]
[SourceVersionDate "2024.10.14"]
[SourceQuality "1"]

1. e4 c5 2. Nf3 e6 3. d4 cxd4 4. Nxd4 Nc6 5. Nc3 Qc7 6. Be3 a6 7. g4 b5 8. Nxc6 Qxc6 9. Qd2 b4 10. Ne2 Qxe4 11. Rg1 Qc4 12. Nf4 Qc7 13. 0-0-0 Ne7 14. Rg3 a5 15. Bg2 Bb7 16. Bb6 Qc8 17. Bxb7 Qxb7 18. Bd4 Nd5 19. Nh5 Rg8 20. Qd3 g6 21. Nf6+ Nxf6 22. Bxf6 Rc8 23. Kb1 Rc5 24. Qd2 Rd5 25. Qxd5 exd5 26. Re3+ Be7 27. Rxe7+ Kd8 28. Rxd5 Re8 29. Re6+ Kc7 30. Rc5+ Kb8 31. Rxe8+ Ka7 32. Rxa5+ Kb6 33. Bd8+ Kc6 34. Ree5 d6 35. Re7 1-0